000 00294nam a22001337a 4500
008 170920b xxu||||| |||| 00| 0 eng d
020 _a3945323325
041 _aeng
080 _a7
100 _a45
101 _aART
245 _aTHE BOOK OF CLOSE-UP PHOTOGRAPHY
_cANGEL,H
942 _2udc
_cBK
999 _c28521
_d28521